Szczegóły MARC21

Morfologia /

003 -Nazwa inst., której nr kontr. jest w polu 001 [,]
    • @
    • Nazwa instytucji, której n kontrolny jest w polu 001
    • NUKAT
005 -DATA I CZAS OSTATNIEJ MODYFIKACJI [,]
    • @
    • pole kontrolne
    • 20241231102917.0
020 -Międzynarod. znormalizowany nr książki - ISBN [ , ]
    • a
    • Numer ISBN
    • 830103601X Find
    • q
    • Dopowiedzenie
    • t. 1-2
020 -Międzynarod. znormalizowany nr książki - ISBN [ , ]
    • a
    • Numer ISBN
    • 8301036036 Find
    • q
    • Dopowiedzenie
    • t. 2
040 -Instytucja sporządzająca opis [ , ]
    • a
    • Instytucja, która sporządziła opis (NP)
    • KR 296/jb
    • b
    • Język katalogowania
    • pol
    • e
    • Zasady katalogowania
    • rda
    • c
    • Instytucja, która sporządziła rekord (NP)
    • KR 296/jb
    • d
    • Instytucja, która zmodyfikowała rekord (P)
    • KR 296/jb
    • d
    • Instytucja, która zmodyfikowała rekord (P)
    • WR O/KS
    • d
    • Instytucja, która zmodyfikowała rekord (P)
    • KR U/mal
    • d
    • Instytucja, która zmodyfikowała rekord (P)
    • KAT U/41BM
942 -Rodzaj dokumentu [ , ]
    • c
    • Rodzaj dokumentu
    • Książka
245 -Strefa tytułu i oznaczenia odpowiedzialności [0,0]
    • a
    • Tytuł
    • Morfologia / Find
    • c
    • Pozostałe elementy strefy tytułu i oznaczenia odpowiedzialności (NP)
    • pod redakcją Renaty Grzegorczykowej, Romana Laskowskiego, Henryka Wróbla ; [autorzy] Renata Grzegorczykowa [i 6 pozostałych].
260 -Strefa adresu wydawniczego [ , ]
    • a
    • Miejsce wydania (P)
    • Warszawa :
    • b
    • Nazwa wydawcy (P)
    • Państwowe Wydawnictwo Naukowe,
    • c
    • Data wydania (P)
    • 1984.
300 -Strefa opisu fizycznego [ , ]
    • a
    • Określenie formy książki i/lub objętość (NP)
    • 559, [1] strona ;
    • c
    • Format (NP)
    • 24 cm.
336 -Typ zawartości [ , ]
    • a
    • Termin opisujący typ zawartości
    • Tekst
    • b
    • Kod określający zawartość
    • txt
    • 2
    • Źródło (terminu i kodu)
    • rdacontent
337 -Typ mediów [ , ]
    • a
    • Tryb odtwarzania
    • Bez urządzenia pośredniczącego
    • b
    • Kod typu mediów
    • n
    • 2
    • Źródło (terminu i kodu)
    • rdamedia
338 -Typ/rodzaj nośnika [ , ]
    • a
    • Hasło opisujące typ nośnika
    • Wolumin
    • b
    • Kod typu nośnika
    • nc
    • 2
    • Źródło (terminu i kodu)
    • rdacarrier
490 -Strefa serii i książki wielotomowej - forma nie do wyszukiwania [1, ]
    • a
    • Tytuł (P)
    • Gramatyka współczesnego języka polskiego : składnia, morfologia, fonetyka i fonologia / redaktor naukowy Stanisław Urbańczyk ; [autorzy:] Leokadia Dukiewicz [i 10 pozostałych] ; Instytut Języka Polskiego PAN ; Find
    • v
    • Numeracja (P)
    • t. 2
830 -Hasło dodatkowe serii i opisu książki wielotomowej - tytuł ujednolicony/tytuł [ ,0]
    • a
    • Tytuł ujednolicony/tytuł (NP)
    • Gramatyka współczesnego języka polskiego
    • v
    • Oznaczenie tomu (NP)
    • t. 2
    • 9
    • KHW
    • 728142
500 -Uwaga ogólna [ , ]
    • a
    • Uwaga ogólna (NP)
    • Oznaczenie tomu 2 przy numerze ISBN oraz we wstępie.
504 -Uwaga dot. bibliogr. załącznikowej [ , ]
    • a
    • Uwaga dot. bibliografii załącznikowej
    • Bibliografia przy niektórych rozdziałach. Indeks terminów.
080 -Uniwersalna Klasyfikacja Dziesiętna [ , ]
    • 2
    • Identyfikator wydania tablic
    • UDC-P058
    • a
    • Symbol klasyfikacji
    • 811.162.1'366
    • b
    • Dopowiedzenie
    • Język polski. Morfologia. Fleksja. Słowotwórstwo.
    • x
    • Poddział wspólny
    • (075.8)
    • b
    • Dopowiedzenie
    • (Podręczniki dla szkół wyższych. Skrypty).
650 -Hasło przedmiotowe [ ,7]
    • a
    • Hasło przedmiotowe
    • Język polski
    • x
    • Określnik rzeczowy
    • morfologia
    • v
    • Określnik formalny
    • podręczniki akademickie.
    • 2
    • Źródło terminu
    • kaba
    • 9
    • KHW
    • 529656
980 -Symbol UKD [ , ]
    • a
    • UKD
    • 811.162.1'366(075.8)
700 -Hasło dodatkowe - nazwa osobowa [1, ]
    • a
    • Nazwa osobowa (NP)
    • Grzegorczykowa, Renata Find
    • d
    • Daty biograficzne (NP)
    • (1931- ).
    • e
    • Określenie rodzaju współpracy
    • Red.
    • e
    • Określenie rodzaju współpracy
    • Autor
    • 9
    • KHW
    • 38598
700 -Hasło dodatkowe - nazwa osobowa [1, ]
    • a
    • Nazwa osobowa (NP)
    • Laskowski, Roman Find
    • d
    • Daty biograficzne (NP)
    • (1936-2014).
    • e
    • Określenie rodzaju współpracy
    • Red.
    • 9
    • KHW
    • 38324
700 -Hasło dodatkowe - nazwa osobowa [1, ]
    • a
    • Nazwa osobowa (NP)
    • Wróbel, Henryk Find
    • d
    • Daty biograficzne (NP)
    • (1934- ).
    • e
    • Określenie rodzaju współpracy
    • Red.
    • 9
    • KHW
    • 257747
700 -Hasło dodatkowe - nazwa osobowa [1, ]
    • a
    • Nazwa osobowa (NP)
    • Dukiewicz, Leokadia Find
    • d
    • Daty biograficzne (NP)
    • (1926- ).
    • e
    • Określenie rodzaju współpracy
    • Autor
    • 9
    • KHW
    • 410382
710 -Hasło dodatkowe - nazwa ciała zbiorowego [2, ]
    • a
    • Nazwa ciała zbiorowego lub nazwa geograficzna jako pierwszy element (NP)
    • Państwowe Wydawnictwo Naukowe (1951-1992).
    • e
    • Rodzaj współpracy
    • Wydawca
    • 4
    • Kod relacji
    • pbl
    • 9
    • KHW
    • 52048
920 -ISBN [ , ]
    • a
    • ISBN
    • 83-01-03601-X Find
    • q
    • Dopowiedzenie
    • t. 1-2
920 -ISBN [ , ]
    • a
    • ISBN
    • 83-01-03603-6 Find
    • q
    • Dopowiedzenie
    • t. 2
Sygnatura Numer inwentarzowy Status udost. Uwagi nie widoczne w OPAC Lokalizacja Data inwentaryzacji
W.115321/2W.115851-5retrokonwersjaBG
W.115321W.115853-5 BG
W.115321W.115855-3 BG
 W.163243-5 BG
W.115321W.179922-5 BG
 W.184874-5 BG1995-09-22
Z.54949Z.551761 BG
W.115321W.1158502 BG
W.115321W.115854-5 BG
W.115321W.1158562 BG
W.115321W.1158572 BG
W.115321W.1158582 BG
W.115321W.115859-5 BG
W.115321W.1158602 BG
W.115321W.1158612 BG
W.115321W.1158622 BG
W.115321W.1158632 BG
W.115321W.1158642 BG
W.115321W.1158652 BG
W.115321W.1158662 BG
W.115321W.1158672 BG
W.115321W.1158682 BG
W.115321W.130333-5 BG
 P.42981 BM
 P.43001 BM
 P.4301-3 BM
POL. Gramatyka 10P.42991 BM
 P.42972 BM